Score 0/16 Timer 03:00
0 Plays Today
Book Title Missing Word % Correct
War and ______Peace
98.9%
______ and PunishmentCrime
97.7%
_____ KareninaAnna
95.1%
_______ ZhivagoDoctor
93.9%
Fathers and _____Sons
93.4%
A Hero of Our _____Time
73.7%
The _______ OrchardCherry
70.3%
One Day in the Life of _____ DenisovichIvan
65.1%
Book Title Missing Word % Correct
______ VanyaUncle
62.3%
______ GodunovBoris
52.6%
_______ OneginEugene
50.2%
The _______ and MargaritaMaster
39.6%
______ SoulsDead
38.7%
_____ FirePale
29.7%
Life and _____Fate
22.3%
The _____ PartyFuneral
11.8%

Today's Daily Dose

Missing Word
Train Books

Word Ladder
Piano Man

Quick Pick
Google Products

Get the Picture
Moana or Coco

Remove Ads.
Support Sporcle.
Get the best of Sporcle when you Go Orange. This ad-free experience offers more features, more stats, and more fun while also helping to support Sporcle. Thank you for becoming a member.

You're not logged in!

Compare scores with friends on all Sporcle quizzes.
OR
Log In

Show Comments

Extras

Top Quizzes Today


Score Distribution

Your Account Isn't Verified!

In order to create a playlist on Sporcle, you need to verify the email address you used during registration. Go to your Sporcle Settings to finish the process.

Report this User

Report this user for behavior that violates our Community Guidelines.

Details: